Los dos inseparables (Record no. 157148)

MARC details
000 -LEADER
campo de control de longitud fija 00920nam a22001935i 4500
001 - NÚMERO DE CONTROL
campo de control 157148
003 - IDENTIFICADOR DE NÚMERO DE CONTROL
campo de control ES-MaACL
005 - FECHA Y HORA DE LA ÚLTIMA TRANSACCIÓN
campo de control 20230906210609.0
008 - DATOS DE LONGITUD FIJA--INFORMACIÓN GENERAL
campo de control de longitud fija 020222s1878 sp |||| | spa d
040 ## - FUENTE DE CATALOGACIÓN
Centro catalogador/agencia de origen CAM
Lengua de catalogación spa
Centro/agencia transcriptor CAM
100 1# - ENTRADA PRINCIPAL--NOMBRE DE PERSONA
Nombre de persona Larrea, José María de.
9 (RLIN) 128705
245 14 - MENCIÓN DEL TÍTULO
Título Los dos inseparables
Resto del título : juguete cómico en un acto /
Mención de responsabilidad, etc. arreglado á la escena española por J.M. de Larrea.
250 ## - MENCION DE EDICION
Mención de edición 4ª ed.
260 ## - PUBLICACIÓN, DISTRIBUCIÓN, ETC.
Lugar de publicación, distribución, etc. Madrid :
Nombre del editor, distribuidor, etc. [s.n.],
Fecha de publicación, distribución, etc. 1878 (
Fabricante imprenta de José Rodriguez)
300 ## - DESCRIPCIÓN FÍSICA
Extensión 21 p. ;
Dimensiones 20 cm.
500 ## - NOTA GENERAL
Nota general En port.: Representado en el Teatro de Variedades la noche del 24 de diciembre de 1853.
596 ## - NOTA AL PIE DE IMPRENTA
NOTA AL PIE DE IMPRENTA En verso de port. consta: "... de la Galería Lírico-Dramática titulada El Teatro ..."
852 ## - LOCALIZACIÓN
Ubicación ES-MaACL
Número de control de estantería F-8624(7)
Nota libre -- Enc. pasta española.
condición física -- Falto de la cub. original
Nota libre .- Enc. en un vol. facticio formando parte de la col. facticia "Teatro español moderno", vol. 79
Holdings
Estatus retirado Estado de pérdida Estado de daño No para préstamo Colección Biblioteca de origen Biblioteca actual Ubicación en estantería Fecha de adquisición Total de préstamos Signatura topográfica completa Código de barras Visto por última vez Precio de reemplazo Tipo de ítem Koha
        Libros del s. XIX Biblioteca del Ateneo de Madrid Biblioteca del Ateneo de Madrid Sala Pecera Planta 2 17/01/2008   F-8624(7) 1164424 23/02/2023 23/02/2023 Libro impreso antiguo